000 00308nam a22001337a 4500
008 181101b xxu||||| |||| 00| 0 eng d
020 _a07216403697
041 _aeng
080 _a616.31
100 _a5
101 _aSTO
245 _aDiseses Odf Oral Mucosa And The Lips
_cBork.H
942 _2udc
_cBK
999 _c51409
_d51409